| 000 | 00763cab a2200229 4500 | ||
|---|---|---|---|
| 001 | WB2907-64 | ||
| 008 | 090401t1993 xxu||||| |||| 00| 0 eng d | ||
| 035 | _a(Sirsi) u54789 | ||
| 041 | _aeng | ||
| 245 | _aCouncil tax transitional reduction | ||
| 260 | _c1993 | ||
| 350 | _a0 | ||
| 490 |
_aDoE News Release _v(97) 16 February 1993 (3) |
||
| 520 | _a"Council tax: the transitional reduction scheme" (DoE) answers questions on eligibility, calculation of transitional reductions, moving house after 1 April 1993, how to obtain further information and lodging appeals. | ||
| 650 | _aBANDING | ||
| 650 | _aCOUNCIL TAX | ||
| 650 | _aDISCOUNTS | ||
| 650 | _aTRANSITIONAL REDUCTION | ||
| 690 | _aRATING AND VALUATION | ||
| 942 | _n0 | ||
| 948 | _c04/03/1997 | ||
| 999 |
_c33580 _d33580 |
||